000 00238nam a2200097Ia 4500
008 230915s9999 xx 000 0 und d
050 _aZ699.A45 2004
100 _aAMJAD ALI
245 0 _aINFORMATION TECHNOLOGY AND LIBRARIES
942 _cBK
999 _c206813
_d206813